Applied semi-Markov processes
Αποθηκεύτηκε σε:
| Κύριος συγγραφέας: | |
|---|---|
| Άλλοι συγγραφείς: | |
| Μορφή: | Βιβλίο |
| Γλώσσα: | English |
| Δημοσίευση: |
New York, NY :
Springer Science+Business Media,
c2006
|
| Θέματα: | |
| Ετικέτες: |
Προσθήκη ετικέτας
Δεν υπάρχουν, Καταχωρήστε ετικέτα πρώτοι!
|
MARC
| LEADER | 00000nam a2200000 i 4500 | ||
|---|---|---|---|
| 001 | 1/57994 | ||
| 008 | 071011s2006 eng d | ||
| 020 | |a 978-0387-29547-3 | ||
| 020 | |a 0-387-29547-X | ||
| 035 | |l 10091411 | ||
| 040 | |a GR-MY-UA |b gre |e aacr | ||
| 041 | 0 | |a eng | |
| 082 | 0 | |a 519.233 |2 (22) | |
| 100 | 1 | |a Janssen, Jacques |d 1939- | |
| 245 | 1 | 0 | |a Applied semi-Markov processes / |c by Jacques Janssen, Raimondo Manca |
| 260 | |a New York, NY : |b Springer Science+Business Media, |c c2006 | ||
| 300 | |a xii, 309 σ.; |b εικ.; |c 25 εκ. | ||
| 504 | |a Βιβλιογραφία : σ. [295]-302. Ευρετήριο | ||
| 650 | 0 | 0 | |a Markov processes. |
| 650 | 0 | 0 | |a Renewal theory. |
| 700 | 1 | |a Manca, Raimondo. | |
| 852 | |a INST |b CHIOS |e 20071011 |h 519.233 JAN |p 005200028691 |q 005200028691 |t BK |y 0 | ||
| 852 | |a INST |b SAMOS |e 20080121 |h 519.233 JAN |p 005300027327 |q 005300027327 |t BK |y 0 | ||
| 901 | |a BIBL3-2008-1 | ||
| 901 | |a BIBL2-2007-3 | ||
| 909 | |a Σ |b 143473 | ||
| 909 | |a Χ |b 139607 | ||
| 922 | |a 3ΕΛΗ |b 200712 |c ΕΠΕΑΕΚ2/ΤΣΑΕ |d ΕΛΕΥΘΕΡΟΥΔΑΚΗΣ | ||
| 922 | |a 2ΕΛΗ |b 200709 |c ΕΠΕΑΕΚ2/ΤΜΟΔ |d ΠΑΠΑΣΩΤΗΡΙΟΥ | ||
| 970 | |a ΒΑΡΦΗΣ |b ΒΑΓΓΕΛΗΣ |z 2007/10/11 | ||